
Library Catalogue

| 000 -LEADER | |
|---|---|
| fixed length control field | 02092nam a22002895i 4500 |
| 001 - CONTROL NUMBER | |
| control field | 21598843 |
| 003 - CONTROL NUMBER IDENTIFIER | |
| control field | OSt |
| 005 - DATE AND TIME OF LATEST TRANSACTION | |
| control field | 20260113093318.0 |
| 008 - FIXED-LENGTH DATA ELEMENTS--GENERAL INFORMATION | |
| fixed length control field | 200702s2020 nyu 000 0 eng |
| 010 ## - LIBRARY OF CONGRESS CONTROL NUMBER | |
| LC control number | 2020941623 |
| 020 ## - INTERNATIONAL STANDARD BOOK NUMBER | |
| International Standard Book Number | 9781529342338 (paperback) |
| 040 ## - CATALOGING SOURCE | |
| Original cataloging agency | DLC |
| Language of cataloging | eng |
| Description conventions | rda |
| Transcribing agency | DLC |
| 042 ## - AUTHENTICATION CODE | |
| Authentication code | pcc |
| 082 ## - DEWEY DECIMAL CLASSIFICATION NUMBER | |
| Classification number | 813.54 GRI |
| 100 ## - MAIN ENTRY--PERSONAL NAME | |
| Relator term | Grisham, John |
| 245 12 - TITLE STATEMENT | |
| Title | A time for mercy / |
| Statement of responsibility, etc. | John Grisham. |
| 263 ## - PROJECTED PUBLICATION DATE | |
| Projected publication date | 2010 |
| 264 #1 - PRODUCTION, PUBLICATION, DISTRIBUTION, MANUFACTURE, AND COPYRIGHT NOTICE | |
| Place of production, publication, distribution, manufacture | London : |
| Name of producer, publisher, distributor, manufacturer | Hodder & Stoughton, |
| Date of production, publication, distribution, manufacture, or copyright notice | 2020. |
| 300 ## - PHYSICAL DESCRIPTION | |
| Extent | 464 pages, |
| Dimensions | 24 cm. |
| 336 ## - CONTENT TYPE | |
| Content type term | text |
| Content type code | txt |
| Source | rdacontent |
| 365 ## - TRADE PRICE | |
| Price amount | Rs. 699.00 |
| 520 ## - SUMMARY, ETC. | |
| Summary, etc. | "Jake Brigance, the protagonist of A Time to Kill, John Grisham's classic legal thriller is back. This time he's at the epicenter of a sensational murder trial that bitterly divides the citizens of Clanton, Mississippi. A Time to Kill is one of the most popular novels of our time. It established Jake as a classic American hero-a lawyer who seeks truth and justice at all costs, even when his life and reputation are on the line. Brigance returned in 2013's Sycamore Row, in which he once again found himself embroiled in a deeply divisive trial. Now, in A Time for Mercy, Jake is the court-appointed lawyer for Drew Gamble, a young man accused of murdering a local deputy. Many in Clanton want a swift trial and the death penalty, but Brigance sees it another way. Once he learns the details of the case, he realizes he has to do everything he can to save Drew-who is sixteen. Jake's commitment to the truth puts his career and the safety of his family at risk. Filled with all the courtroom machinations, small-town intrigues, and plot twists that have become the hallmarks of the master of the legal thriller, A Time for Mercy emphatically confirms John Grisham's reputation as America's favorite storyteller. There is a time to kill, a time for justice, and A TIME FOR MERCY"-- |
| Assigning source | Provided by publisher. |
| 630 ## - SUBJECT ADDED ENTRY--UNIFORM TITLE | |
| Form subdivision | Mississippi |
| General subdivision | Criminal Defense Lawyers |
| Chronological subdivision | Trials - Murder |
| 906 ## - LOCAL DATA ELEMENT F, LDF (RLIN) | |
| a | 0 |
| b | ibc |
| c | orignew |
| d | 2 |
| e | epcn |
| f | 20 |
| g | y-gencatlg |
| 942 ## - ADDED ENTRY ELEMENTS (KOHA) | |
| Source of classification or shelving scheme | Dewey Decimal Classification |
| Koha item type | BOOKs |
| Withdrawn status | Lost status | Source of classification or shelving scheme | Materials specified (bound volume or other part) | Damaged status | Not for loan | Home library | Current library | Shelving location | Date acquired | Source of acquisition | Total Checkouts | Total Renewals | Full call number | Barcode | Date last seen | Date last checked out | Price effective from | Koha item type |
|---|---|---|---|---|---|---|---|---|---|---|---|---|---|---|---|---|---|---|
| Dewey Decimal Classification | PB | . | . | General Stacks | 24.12.2020 | Purchased | 9 | 1 | 813.54 GRI | 38210 | 13.01.2026 | 13.01.2026 | 24.12.2020 | BOOKs |